| 000 | 00363nam a2200157Ia 4500 | ||
|---|---|---|---|
| 003 | 0STCL | ||
| 008 | 150530s9999 xx 000 0 und d | ||
| 040 |
_aSTCL _cSTCL |
||
| 100 | _aHardy | ||
| 245 | _aWinter words in various moods and metres | ||
| 260 |
_bMacmillan _c1928 |
||
| 546 | _aEnglish | ||
| 942 |
_2ddc _cBK |
||
| 999 |
_c54434 _d54434 |
||
| 005 | 20220125170934.0 | ||